| 000 | 00688nam a2200253Ia 4500 | ||
|---|---|---|---|
| 003 | OSt | ||
| 005 | 20221005093404.0 | ||
| 006 | a|||||r|||| 00| 0 | ||
| 007 | ta | ||
| 008 | 221004b |||||||| |||| 00| 0 eng d | ||
| 020 | _a393001350 (pbk) | ||
| 024 | _a18348 | ||
| 037 |
_bGift, 01/06/2015, _cTextual |
||
| 040 |
_aCRL _cCRL _beng |
||
| 041 |
_2eng _aeng |
||
| 082 | _aS6:11, J1 | ||
| 100 |
_aHorney Karen _910618 |
||
| 245 | 0 | _aNeurosis and human growth | |
| 260 |
_aNew York _bW.W.Norton & Company U.S.A _c1951 |
||
| 300 |
_a391p. _ccm. |
||
| 650 | _aSOCIOLOGY | ||
| 942 |
_hS6:11, J1 _cTEXL _2cc |
||
| 999 |
_c1000300 _d1000300 |
||